|
|
|
|
| LEADER |
00000nam a2200000 a 4500 |
| 001 |
vtls001273944 |
| 003 |
SK-MaSNL |
| 005 |
20260224020345.0 |
| 008 |
210928s1987 xr 0 cze |
| 035 |
|
|
|a SNK000225119
|
| 040 |
|
|
|a SNK
|b slo
|c SNK
|e AACR2
|
| 041 |
0 |
|
|a cze
|
| 044 |
|
|
|a CZ
|
| 245 |
1 |
|
|a Řezné a upínací nástroje - brousící nástroje a brusivo
|b [Sborník referátů]
|c zprac. kol. autorů
|
| 260 |
|
|
|a Praha
|b Dům techniky ČSVTS
|c 1987
|
| 300 |
|
|
|a 79, [1] s.
|c 4°
|
| 958 |
|
|
|a RK
|
| 958 |
|
|
|a OND
|
| 999 |
|
|
|c 799554
|d 801484
|
| 952 |
|
|
|t P60, <04>, [BOOK], {604}
|a SNK
|b SNK
|y VYP
|7 0
|p 17A0036489
|o snkIB 60738
|i snkKIP 9037/88
|0 0
|1 0
|4 0
|d 1997-02-05
|l 0
|r 2005-01-02 00:00:00
|w 2026-02-24
|
| 952 |
|
|
|t P60, <04>, [BOOK], {604}
|a SNK
|b SNK
|y VYP
|7 0
|p 17A0033544
|o snkIB 60738 D1
|i snkKIP 9038/88
|0 0
|1 1
|4 0
|d 1997-01-29
|l 0
|r 2005-01-02 00:00:00
|w 2026-02-24
|